Sport - Palmarès des nations Jeux paralympiques d'été depuis 1960 - Statistiques

Statistiques générales
  • Ce quiz a été pris 56 fois
  • Le résultat moyen est 77 sur 115
Statistiques - réponses
Rang
Nbre total
de médailles
Pays % Correct
6 1033 CHINE
100%
1 1939 ETATS-UNIS
100%
7 921 FRANCE
100%
20 277 NORVEGE
96%
4 1125 AUSTRALIE
94%
5 1059 CANADA
94%
12 466 ITALIE
94%
9 630 ESPAGNE
94%
23 268 RUSSIE
94%
11 564 SUEDE
94%
3 1323 ALLEMAGNE
92%
17 338 JAPON
92%
2 1557 ROYAUME-UNI
92%
25 241 SUISSE
92%
29 156 ARGENTINE
91%
18 306 BRESIL
91%
36 88 PORTUGAL
91%
24 253 FINLANDE
89%
22 273 MEXIQUE
89%
14 374 UKRAINE
89%
15 345 AUTRICHE
87%
16 341 COREE DU SUD
87%
21 277 DANEMARK
87%
58 19 MAROC
87%
10 626 POLOGNE
87%
19 297 AFRIQUE DU SUD
85%
26 221 BELGIQUE
85%
28 157 EGYPTE
85%
31 131 HONGRIE
85%
80 7 SERBIE
85%
41 73 ALGERIE
83%
40 81 GRECE
83%
70 8 INDE
83%
30 148 NOUVELLE-ZELANDE
83%
8 652 PAYS-BAS
83%
46 46 SLOVAQUIE
83%
92 2 CHILI
81%
37 86 CUBA
81%
57 19 ESTONIE
79%
61 17 INDONESIE
79%
67 11 LETTONIE
79%
50 30 LITUANIE
79%
51 26 ROUMANIE
79%
60 17 SLOVENIE
79%
56 19 CROATIE
77%
27 215 IRLANDE
77%
39 83 TUNISIE
77%
88 4 ARABIE SAOUDITE
74%
35 98 BIELORUSSIE
74%
54 23 COLOMBIE
74%
78 7 LUXEMBOURG
74%
75 8 PEROU
74%
55 23 TURQUIE
74%
64 15 BULGARIE
72%
33 113 IRAN
72%
38 84 ISLANDE
72%
32 122 TCHEQUIE
72%
65 15 URUGUAY
72%
13 380 ISRAEL
70%
45 51 THAILANDE
70%
62 17 VENEZUELA
70%
44 54 JAMAIQUE
68%
47 43 KENYA
68%
106 1 PAKISTAN
68%
85 5 BOSNIE-HERZEGOVINE
66%
71 8 IRAK
66%
112 1 SYRIE
66%
102 1 LAOS
64%
52 24 NIGERIA
64%
74 8 PANAMA
64%
63 16 EMIRATS ARABES UNIS
62%
100 1 ETHIOPIE
62%
113 1 KAZAKHSTAN
62%
96 2 MOLDAVIE
62%
49 38 AZERBAIDJAN
60%
81 6 CHYPRE
60%
95 2 MACEDOINE
60%
73 8 MALTE
60%
104 1 MONGOLIE
60%
43 55 URSS
60%
103 1 LIBYE
58%
82 6 MALAISIE
58%
99 1 EQUATEUR
57%
105 1 OUZBEKISTAN
57%
94 2 LIBAN
55%
86 5 COTE D'IVOIRE
53%
72 8 JORDANIE
53%
48 42 KOWEIT
53%
111 1 SOUDAN
53%
42 70 YOUGOSLAVIE
53%
93 2 GUATEMALA
51%
108 1 PHILIPPINES
51%
83 6 SINGAPOUR
51%
89 3 NAMIBIE
49%
68 10 REPUBLIQUE DOMINICAINE
49%
101 1 FIDJI
47%
114 1 LIECHTENSTEIN
47%
77 7 BIRMANIE
45%
59 17 TCHECOSLOVAQUIE
43%
76 8 ANGOLA
42%
110 1 SRI LANKA
42%
62 17 ZIMBABWE
40%
69 8 BAHREIN
36%
98 1 BOTSWANA
34%
87 4 ALLEMAGNE DE L'EST
32%
91 3 TRINITE ET TOBAGO
32%
84 5 BAHAMAS
30%
107 1 PAPOUASIE-NOUVELLE-GUINEE
30%
90 3 PALESTINE
26%
109 1 RWANDA
26%
66 13 {.}FEROE
15%
34 104 {.}HONG KONG
15%
79 7 {.}PORTO RICO
15%
53 24 {.}TAIWAN
15%
97 2 SERBIE-ET-MONTENEGRO
4%
Aucun quiz correspondant
Distribution des résultats
% des personnes avec chaque résultat
Percentile par nombre de réponses
Votre historique - résultats
Vous n’avez pas pris ce quiz